[Event "FIDE-Wch k.o."]
[Site "New Delhi/Teheran"]
[Date "2000.12.05"]
[Round "3.8"]
[White "Khalifman, Alexander"]
[Black "Leko, Peter"]
[Result "1-0"]
[WhiteElo "2667"]
[BlackElo "2743"]
[Annotator "Huzman,A"]
[PlyCount "111"]
[EventDate "2000.11.27"]
[EventType "k.o."]
[EventRounds "7"]
[EventCountry "IND"]
[SourceTitle "CBM 081"]
[Source "ChessBase"]
[SourceDate "2001.03.20"]
[SourceVersion "1"]
[SourceVersionDate "2001.03.20"]
[SourceQuality "1"]

1. e4 {Hecht} e5 2. Nf3 Nf6 3. Nxe5 d6 4. Nf3 Nxe4 5. d4 d5 6. Bd3 Bd6 7. O-O
O-O 8. c4 c6 9. cxd5 cxd5 10. Nc3 Nxc3 11. bxc3 Bg4 12. Rb1 Nd7 13. h3 Bh5 14.
Rb5 Nb6 15. c4 Bxf3 16. Qxf3 dxc4 17. Bc2 Qd7 18. a4 Rfe8 19. Be3 Rad8 20. Rfb1
Bc7 21. Be4 Nxa4 $146 {[%mdl 8]} (21... c3 22. Rc5 Re7 23. a5 Na4 24. Rd5 Qe8
25. Rxb7 Rxd5 26. Bxd5 Nb2 27. Bb3 h6 28. a6 Nc4 29. Bxc4 Qa4 30. Bd3 g6 31. g3
{1-0 Hilchenko-Borisov,V/Memorial Ljubomirov corr. 1997 (31)}) 22. Rd5 Bd6 $2 (
22... Qe7 $1 23. Rxb7 Nc3 24. Rc5 (24. Re5 Qd6 25. Bxh7+ Kxh7 26. Qxf7 Rxe5 27.
Rxc7 Ne2+ 28. Kf1 Ng3+ 29. fxg3 (29. Kg1 Qg6 $1 30. Qxg6+ Kxg6 31. dxe5 Rd1+
32. Kh2 Nf1+ 33. Kg1 Nxe3+ $19) 29... Rf8 30. dxe5 Rxf7+ 31. Rxf7 Qxe5 $17) (
24. Rxd8 Rxd8 (24... Qxd8 25. Bg5 (25. Bc6 Re7 $17) 25... Qc8 (25... Qd6 26.
Qxc3 Rxe4 (26... Qh2+ 27. Kf1 Rxe4 (27... Qh1+ 28. Ke2 Rxe4+ (28... Qxg2 29.
Rxc7 $18) 29. Be3 $16)) 27. Be3 Qd7 28. Rb4 $11) 26. Qxc3 Rxe4 27. Rxa7 Bb6 (
27... Bb8 28. Ra1 $11) 28. Rxf7 Bxd4 29. Qf3 Re1+ 30. Kh2 $11) 25. Bf4 Qxe4 (
25... Nxe4 26. Rxc7 Qe6 27. Be5 Qg6 $11) 26. Qxe4 Nxe4 27. Rxc7 Nc3 28. Be3 Nd5
29. Rxc4 $11) 24... Qxe4 (24... Rd7 $2 25. Bc6 $16) 25. Rcxc7 Qxf3 26. gxf3 Rb8
27. Rxb8 Rxb8 28. Rxc4 (28. Rxa7 Nd5 (28... Nb5 29. Rd7 c3 30. Kf1 $11)) 28...
Nd5 29. Rc5 Rd8 30. Ra5 Rd7 31. Kf1 f5 32. Ke2 Kf7 33. Kd3 $11) 23. Rh5 $1 g6
24. Rxb7 $16 Bc7 (24... Qxb7 25. Bxb7 gxh5 26. Bc6 $18) 25. Rd5 (25. Bc6 $5 Qd6
26. Bxe8 Rxe8 27. Re5 (27. Rxh7 Re7 28. Rxc7 Rxc7 (28... Qxc7 29. Rh4 f5 30.
Qa8+ Kf7 31. Bf4 $18) (28... Kxh7 29. Rxc4 $16) 29. Bf4 Qc6 30. Qg3 Kxh7 31.
Bxc7 Nb6 $11) 27... Rxe5 28. dxe5 Qxe5 29. g3 $16) 25... Qc8 (25... Qe7 26. Re5
$1 Qd6 27. Bd5 Rf8 (27... Re7 28. Bg5 $18) 28. Bh6 $18) 26. Rxd8 Rxd8 (26...
Qxd8 27. Bc6 $18) 27. Bd5 Rd7 28. Qf6 Qd8 $2 (28... Qf8 $8 29. Qc6 Qe7 30. Rxc7
Rxc7 31. Qxa4 c3 $132 {/+/-}) 29. Qxd8+ Rxd8 30. Bc6 $18 Bb6 31. Bxa4 Bxd4 32.
Bxd4 Rxd4 33. Rxa7 c3 34. Bb3 Rb4 35. Ra3 Kg7 36. Kf1 f5 37. Bc2 Rc4 38. Ke2
Kf6 39. Kd3 Rf4 $1 40. f3 Kg5 {[%cal Yg5h4,Yh4g3]} 41. Ke3 Rc4 42. Ra4 $1 f4+ (
42... Rxa4 43. Bxa4 Kh4 44. Kf4 $18) 43. Kf2 Rxa4 44. Bxa4 {Hecht: '[#] Der
Gewinn ist nur eine Frage der Zeit und der sauberen Technik. Der schwarze
c-Bauer spielt keine entscheidende Rolle. Man beachte, daß der Läufer nicht
das Umwandlungsfeld des Randbauern beherrscht. '} Kh4 45. Bc2 Kg5 46. g3 fxg3+
47. Kxg3 Kh5 48. f4 ({Einfacher ist es, den Gewinnbauern zu schonen und den
abtauschfähigen h-Bauern zu aktiveren} 48. h4 {Hecht} h6 (48... g5 49. hxg5
Kxg5 50. Bxh7 $18) (48... Kh6 49. Kg4 Kg7 50. h5 gxh5+ (50... Kf6 51. hxg6 hxg6
52. f4 $18) 51. Kxh5 h6 52. f4 $18) 49. Bb3 $18 g5 (49... c2 50. Be6 c1=Q 51.
Bg4#) 50. Bf7#) 48... Kh6 49. Kg4 Kg7 50. h4 $1 {[%cal Gh4h5]} h6 51. Kf3 Kf7
52. Ke4 Kf6 53. Kd4 g5 54. hxg5+ hxg5 55. f5 g4 56. Ke4 (56. Ke4 Kg5 57. Ke3
$18) 1-0

[Event "FIDE-Wch k.o."]
[Site "New Delhi/Teheran"]
[Date "2000.12.06"]
[Round "4.1"]
[White "Svidler, Peter"]
[Black "Adams, Michael"]
[Result "1/2-1/2"]
[WhiteElo "2689"]
[BlackElo "2755"]
[Annotator "Huzman,A"]
[PlyCount "74"]
[EventDate "2000.11.27"]
[EventType "k.o."]
[EventRounds "7"]
[EventCountry "IND"]
[SourceTitle "CBM 081"]
[Source "ChessBase"]
[SourceDate "2001.03.20"]
[SourceVersion "1"]
[SourceVersionDate "2001.03.20"]
[SourceQuality "1"]

1. e4 e5 2. Nf3 Nf6 3. Nxe5 d6 4. Nf3 Nxe4 5. d4 d5 6. Bd3 Nc6 7. O-O Be7 8. c4
Nb4 9. Be2 O-O 10. Nc3 Be6 11. Ne5 f6 12. Nf3 Kh8 13. Re1 (13. a3 Nxc3 14. bxc3
Nc6 15. Nd2 (15. cxd5 Bxd5 16. Bd3 f5 17. Re1 Qd7 18. Bf4 Rae8 19. Bb5 Bd6 20.
Rxe8 Rxe8 21. Bxd6 Qxd6 22. Ne5 {1/2-1/2 Aarthie,R-Goodger,M/York ENG 2000/ 
(22)}) 15... f5 16. Re1 Bf6 17. Bf3 Bg8 18. cxd5 Bxd5 19. Nb3 b6 20. Bf4 Ne7
21. Be5 c6 22. Bxf6 Rxf6 23. Nc1 Ng6 24. Nd3 h6 25. Ne5 Nh4 26. Bxd5 Qxd5 27.
f3 c5 28. dxc5 {1/2-1/2 Leko,P-Kramnik,V/Dortmund GER 2000 (28)}) (13. Qb3 Nxc3
14. bxc3 dxc4 15. Bxc4 Bxc4 16. Qxc4 Qd5 17. Qb3 Qxb3 18. axb3 Nd5 19. Re1 Rfe8
20. Bd2 c6 21. c4 Nb6 22. Nh4 Kg8 23. Nf5 Kf7 24. Kf1 $14 {1-0 Adams,M-Timman,
J/Wijk aan Zee 2000/CBM 75/ (41)}) 13... f5 (13... c6 14. a3 Na6 15. cxd5 cxd5
16. Bd3 f5 17. Bf4 Rc8 18. Qb3 Bf6 19. Be5 Qe7 20. Rac1 Bg8 21. Bxa6 bxa6 22.
Ne2 $16 {1-0 Khalifman,A-Timman,J/Hoogeveen NED 2000 (36)}) (13... Bg8 14. a3
Nxc3 15. bxc3 Nc6 16. cxd5 Bxd5 17. Bb2 f5 18. Nd2 Bf6 19. c4 Bf7 20. Nb3 b5
21. cxb5 Bxb3 22. Qxb3 Nxd4 23. Qc4 Nxe2+ 24. Qxe2 Bxb2 25. Qxb2 a6 $11 {
1/2-1/2 Lutz,C-Van der Sterren,P/Venlo NED 2000/The Week in Chess 303 (30)})
14. a3 Nc6 15. cxd5 Bxd5 (15... Nxc3 16. bxc3 Bxd5 17. Bf4 Bd6 18. Qd2 Qf6 $11)
16. Bd3 Bf6 (16... Nxc3 $5 17. bxc3 Qd6 18. Rb1 Rae8 $11) 17. Be3 (17. Nxe4
fxe4 18. Bxe4 Re8 19. Bxd5 Rxe1+ 20. Qxe1 Qxd5 $15) (17. Bxe4 fxe4 18. Nxe4 Re8
19. Nxf6 Qxf6 20. Rxe8+ Rxe8 21. Be3 Bxf3 22. Qxf3 Qxf3 23. gxf3 Ne7 $1 $11)
17... Nxc3 (17... Qd7 18. Nxd5 (18. Qc2 Nxc3 (18... Rfe8 19. Nxd5 Qxd5 20. Bc4
Qd6 21. Rad1 $14) 19. Bxf5 Qf7 20. bxc3 Bxf3 21. gxf3 Bxd4 $17) 18... Qxd5 19.
Rc1 Rfe8 20. Qa4 $14) 18. bxc3 Qd7 19. Ng5 {[%cal Gc3c4]} Ne7 (19... Na5 $2 20.
Nxh7 Kxh7 21. Qh5+ Kg8 22. Bxf5 g6 23. Bxg6 $16) 20. c4 Bg8 21. Rb1 b6 (21...
f4 $5 22. Bxf4 Bxd4 23. Bg3 (23. Re4 Rad8) 23... Nf5 24. Bxf5 Rxf5 25. Nf3 c5
26. Be5 Re8 (26... Rd8 27. Nxd4 cxd4 28. Qd3 $14) 27. Bxd4 Rxe1+ 28. Qxe1 cxd4
29. Qe4 b6 30. Ne5 Qe6 31. f4 d3 32. Rd1 g5 $132) 22. Nf3 $14 Bf7 {[%csl Rd4]
[%cal Yf7h5,Yh5d1]} 23. Bg5 (23. Qd2 $5 Bh5 (23... Rad8 24. Bg5 Bxg5 25. Qxg5
$14) 24. Be2 Rad8 25. Bg5 Bxf3 26. Bxf3 Ng6 27. Bxf6 Rxf6 28. d5 Rff8 (28...
Nh4 29. Qf4 Nxf3+ 30. Qxf3 c6 31. Rbd1 Rd6 32. Re5 $14) 29. Re2 Rfe8 30. Rbe1
Rxe2 31. Qxe2 $14) 23... Bxg5 (23... Bh5 $2 24. Bxf6 Rxf6 25. Ne5 $1 Qe8 26.
Qd2 (26. Qc2 $16) 26... Rd8 27. d5 Qf8 28. Qg5 $36) 24. Nxg5 Bg8 25. Nf3 (25.
d5 $2 c6 26. Ne6 Rf6 $15) (25. Qc2 Nc6 (25... Rae8 26. Nf3 Nc6 27. Rxe8 Rxe8
28. Bxf5 $16) 26. d5 Nd4 27. Qc3 c5 $1 $11) 25... Nc6 26. d5 Na5 27. Re5 (27.
Nd4 c6 28. Qh5 cxd5 (28... g6 29. Qh4 cxd5 30. Re7 Qd6 31. Ne6 $140 dxc4 32.
Nxf8 Rxf8 $15) 29. Bxf5 Qd6 30. Ne6 Rf6 $132 {[%cal Yf6h6]}) 27... Rae8 (27...
c6 $5 28. Nd4 (28. Qd2 Rad8 29. Rbe1 Qd6 $132 30. Re7 cxd5) (28. Qc2 cxd5 29.
Bxf5 Qc7 30. cxd5 Qxc2 31. Bxc2 Nc4 $17) 28... cxd5 29. cxd5 Bxd5 30. Bxf5 Qf7
$132 {[%cal Yf8f2]}) 28. Rxe8 (28. Qc2 Rxe5 29. Nxe5 Qd6 30. Re1 c6 $11) 28...
Rxe8 29. Qc2 f4 $11 {[%cal Yc7c6]} 30. Rd1 Qd6 31. Qc3 Re7 32. Bc2 Nb7 $1 (
32... c6 33. c5 Qxc5 34. Qxc5 bxc5 35. d6 $16) 33. h3 a5 34. Nd4 Qf6 35. Qf3
Nd6 36. Qc3 Nb7 37. Qf3 Nd6 1/2-1/2

[Event "Moscow Aeroflot op-A"]
[Site "Moscow"]
[Date "2004.02.20"]
[Round "4"]
[White "Dvoirys, Semen I"]
[Black "Mamedyarov, Shakhriyar"]
[Result "1/2-1/2"]
[WhiteElo "2594"]
[BlackElo "2646"]
[Annotator "Huzman,A"]
[PlyCount "110"]
[EventDate "2004.02.17"]
[EventType "swiss"]
[EventRounds "9"]
[EventCountry "RUS"]
[SourceTitle "CBM 100"]
[Source "ChessBase"]
[SourceDate "2004.06.01"]
[SourceVersion "1"]
[SourceVersionDate "2004.06.01"]
[SourceQuality "1"]

1. e4 e5 2. Nf3 Nf6 3. Nxe5 d6 4. Nf3 Nxe4 5. c4 Nc6 6. d4 d5 7. c5 {To my
opinion taking down pressure to pawn d5 wouldn't bring advantage to White.} Bg4
(7... Be7 8. Bb5 O-O (8... Bd7 9. O-O O-O 10. Re1 Bf6 11. Bf4 Nxd4 12. Nxd4
Bxd4 13. Qxd4 Bxb5 14. f3 Qh4 (14... Nf6 15. Nc3 $44) 15. Bg3 Qf6 16. Be5 Qh4
17. Nc3 {1-0 Dvoirys,S-Bick,J/Biel SUI 2003/(17)}) 9. O-O Bg4 10. Bxc6 bxc6 11.
h3 Bxf3 12. Qxf3 Bf6 13. Rd1 Rb8 14. Nc3 Re8 15. b3 Rb4 16. Ne2 Qc8 17. Be3 a5
18. Nf4 Ng5 19. Qg3 Ne4 $11 {1/2-1/2 Rohl Montes,J-Molale,O/Bled 2002/EXT 2003
(32)}) 8. Bb5 (8. Be2 Be7 (8... Qf6 9. Nc3 O-O-O 10. Be3 h6 11. O-O g5 (11...
g6 12. h3 Bf5 13. Qb3 Nxc3 14. bxc3 $14) 12. Nxg5 Bxe2 13. Ngxe4 dxe4 14. Qxe2
Nxd4 15. Bxd4 Rxd4 16. Nxe4 Qe5 17. Rfe1 Bxc5 $11) 9. O-O Bf6 10. Be3 O-O 11.
Nc3 b6 $132) 8... Qf6 9. Nc3 (9. Be3 O-O-O $15) 9... Bxf3 (9... O-O-O 10. Bxc6
bxc6 (10... Qxc6 11. Ne5 Bxd1 12. Nxc6 Re8 13. Nxa7+ Kb8 14. Kxd1 Nxf2+ 15. Kc2
Nxh1 16. Nab5 $16 {[%cal Gc1f4]}) 11. Be3 $13) 10. Qxf3 Qxd4 11. O-O O-O-O (
11... Nxc3 12. bxc3 Qe4 13. Qd1 O-O-O 14. Bxc6 bxc6 15. Be3 Qc4 16. Rb1 $44)
12. Be3 (12. Bxc6 bxc6 13. Be3 Qf6 14. Qg4+ Qe6 {-see game}) 12... Qf6 13. Qg4+
Qe6 14. Qxe6+ fxe6 15. Nxe4 dxe4 16. Bxc6 bxc6 17. Rac1 Rd5 18. Rc4 Be7 19. b4
(19. Rxe4 Kd7 (19... Bxc5 20. Rxe6 Bxe3 21. fxe3 Rd2 22. b4 Rxa2 23. Re7 $16)
20. Ra4 Bxc5 21. Bxc5 Rxc5 22. Rxa7 Rd5 $11) 19... Kd7 $1 {It is a
multifunctional move.Black protect weak pawn e6 and prepare counterplay by a5.}
20. Rxe4 a5 $132 21. bxa5 (21. a3 axb4 22. axb4 Bf6 $11 {[%csl Rb4,Rc5] /=/+})
21... Ra8 22. Ra4 Bxc5 $15 23. Bxc5 Rxc5 24. a6 Rb5 25. Rd1+ Ke7 26. g3 c5 27.
Rd3 Ra7 28. Kg2 Rb6 29. Rda3 Kd6 30. Kf3 Kc6 31. Ra5 Rb5 32. Ke3 {White agree
to play pawns endgame counting that passed pawn a will compensate extra pawn
of Black.} (32. R5a4 Rb4 33. Ra5 Kb6 $15) 32... Rxa5 33. Rxa5 Kb6 34. Ra4 Rxa6
35. Rxa6+ Kxa6 {[%mdl 4096]} 36. Kd3 Kb5 37. Kc3 e5 $2 {Pawn a5 is closer to
Kc3 now.} ({Probably the best move was} 37... g5 $5 {with the idea to prevent
creation paseed pawn in future. To my opinion Black have good winning chances.}
38. f4 (38. f3 c4 39. a4+ (39. f4 gxf4 40. gxf4 Kc5 $19) 39... Kc5 40. h4 gxh4
41. gxh4 h5 42. f4 c6 $19) 38... gxf4 39. gxf4 c4 40. a3 (40. Kc2 Kb4 41. a3+ (
41. Kb2) (41. Kd2 c3+ 42. Kd3 h5 43. h4 c6 44. Kc2 Kc4 45. Kd1 Kd3 46. Kc1 c2
47. a4 Kc4 48. Kxc2 Kb4 49. Kd3 c5 $19) 41... Kc5 42. Kc3 h5 43. h4 Kd5 44. Kc2
Kd4 45. Kd2 (45. a4 Kc5 46. Kc3 c6 $19)) 40... Kc5 41. a4 h5 42. h4 c6 $22 $19)
38. f3 c4 39. h3 g6 40. h4 h6 41. a4+ Kc5 (41... Kxa4 42. Kxc4 (42. h5 $5 gxh5
43. Kxc4 Ka3 44. Kd5 Kb3 45. Kxe5 c5 46. f4 c4 47. f5 c3 48. f6 c2 49. f7 c1=Q
50. f8=Q Qe3+ $17) 42... Ka3 (42... h5 43. Kc5 Kb3 44. g4 Kc3 (44... hxg4 45.
fxg4 e4 46. Kd4 c5+ 47. Kxe4 c4 48. h5 $11) 45. gxh5 gxh5 46. Kc6 Kd4 47. Kxc7
Ke3 48. Kd6 $11) 43. Kc3 $1 (43. g4 g5 44. h5 (44. hxg5 hxg5 45. Kd5 Kb4 46.
Kxe5 c5 47. f4 gxf4 48. g5 (48. Kxf4 c4 49. g5 c3 $19) 48... f3 49. g6 f2 50.
g7 f1=Q 51. g8=Q Qe2+ $19) 44... Kb2 45. Kd5 Kb3 46. Kxe5 c5 47. f4 gxf4 48. g5
hxg5 49. Ke4 c4 50. h6 c3 51. h7 c2 52. h8=Q c1=Q 53. Qb8+ Kc2 54. Qc7+ Kd1 55.
Qd8+ Ke2 56. Qxg5 Qe3+ 57. Kd5 f3 $19) (43. Kd5 Kb3 44. h5 $1 (44. Kc6 Kc4 45.
Kxc7 g5 46. Kd6 Kd4 $19) 44... gxh5 45. Kxe5 c5 46. f4 c4 47. f5 c3 48. f6 c2
49. f7 c1=Q 50. f8=Q Qe3+ $17) 43... Ka2 44. Kc2 (44. Kc4 Kb2) 44... c6 45. g4
g5 46. h5 c5 47. Kc3 Kb1 48. Kc4 Kc2 49. Kxc5 Kd3 50. Kd5 Ke3 51. Kxe5 Kxf3 52.
Kf5 Kg3 53. Kg6 Kxg4 54. Kxh6 Kf5 55. Kg7 g4 56. h6 g3 57. h7 g2 58. h8=Q g1=Q+
59. Kf8 Qc5+ 60. Kg8 $11) 42. h5 $1 $11 {White are in time to move there pawn
into queen simultaneously with Black due to this strong move.} gxh5 (42... g5
43. a5 Kb5 (43... c6 44. a6 Kb6 45. Kxc4 Kxa6 46. Kc5 Kb7 47. Kd6 g4 48. fxg4
e4 49. g5 $11) 44. a6 Kxa6 45. Kxc4 Kb6 46. Kd5 c5 47. Kxe5 Kc6 48. f4 $11) 43.
a5 Kb5 44. a6 Kxa6 45. Kxc4 Ka5 (45... Kb6 46. Kd5 c5 47. Kxe5 Kc6 48. f4 c4
49. Kd4 Kb5 50. f5 c3 $11) 46. Kd5 Kb4 (46... Kb5 47. Kxe5 c5 48. f4 c4 (48...
Kc6 49. f5 Kd7 50. Kd5 Ke7 51. Kxc5 Kf6 52. Kd4 Kxf5 53. Ke3 $11) 49. Kd4 $1
Kb4 50. f5 c3 51. f6 c2 52. f7 c1=Q 53. f8=Q+ $11) 47. Kxe5 c5 48. f4 c4 49. f5
c3 50. f6 c2 51. f7 c1=Q 52. f8=Q+ Qc5+ 53. Qxc5+ Kxc5 54. Kf5 Kd5 55. Kg6 Ke4
(55... Ke4 56. Kxh5 Kf3 $11) 1/2-1/2

[Event "Stepanakert Petrosian Memorial"]
[Site "Stepanakert"]
[Date "2004.03.10"]
[Round "2"]
[White "Ghaem Maghami, Ehsan"]
[Black "Pashikian, Arman"]
[Result "1-0"]
[WhiteElo "2549"]
[BlackElo "2451"]
[Annotator "Huzman,A"]
[PlyCount "63"]
[EventDate "2004.03.09"]
[EventType "tourn"]
[EventRounds "9"]
[EventCountry "ARM"]
[EventCategory "13"]
[SourceTitle "CBM 100"]
[Source "ChessBase"]
[SourceDate "2004.06.01"]
[SourceVersion "1"]
[SourceVersionDate "2004.06.01"]
[SourceQuality "1"]

1. e4 e5 2. Nf3 Nf6 3. Nxe5 d6 4. Nf3 Nxe4 5. c4 Nc6 6. Nc3 Nxc3 7. bxc3 Be7 8.
d4 Bg4 9. Bd3 Bh5 (9... d5 10. O-O dxc4 11. Bxc4 O-O 12. Re1 Bd6 13. Qd3 Qf6
14. Bg5 Qf5 $11 {1/2-1/2 Heppekausen,J-Kuehn,M/Germany 1995/GER (41)}) (9...
O-O 10. O-O Bf6 11. h3 Bh5 12. Rb1 Na5 13. Bxh7+ Kxh7 14. Ng5+ Bxg5 (14... Kh6
$1 15. Nxf7+ Kg6 16. Nxd8 Bxd1 17. Ne6 Bc2 18. Rb2 Ba4 19. Nxf8+ Rxf8 $15) 15.
Qxh5+ Bh6 16. Bxh6 gxh6 17. Qxa5 $18 {0-1 Prats Rodriquez,J-Leiro Giralt,D/ESP
1999/EXT 2000 (50)}) 10. Rb1 Qc8 $6 {This move is not good because Qc8 has to
protect pawn b7 and this leads to lack of coordination of black pieces.} (10...
Rb8 11. O-O O-O 12. Be4 Bg6 $14) 11. O-O O-O 12. Re1 Bf6 13. Bf4 Bg6 $2 {
After this mistake White can exploit lack of coordination in the position of
Black.} (13... Qg4 14. Bg3 Rab8 15. c5 $1 $16) (13... h6 $5 14. Rb5 Bg6 15.
Bxg6 fxg6 $14) 14. Bg5 $1 Bxg5 15. Nxg5 Bxd3 (15... Nd8 $142 16. Bxg6 fxg6 (
16... hxg6 17. Qf3 Qf5 18. Qg3 f6 19. Ne4 $16) 17. Rb2 $16 {[%cal Gb2e2]}) 16.
Qxd3 g6 17. Qf3 $16 Rb8 18. Ne4 f6 $1 (18... f5 19. Ng5 Qd7 20. Qd5+ Kh8 21. c5
$16) 19. h4 (19. Re2 Kg7 20. Rbe1 Qd7 $14) 19... Kg7 (19... Qd8 20. Qf4 Kg7 21.
h5 $36) 20. c5 Qd7 (20... d5 21. Ng3 Qd7 22. Ne2 $1 $16 {[%cal Ge2f4,Gf4d5,
Gf4e6]}) 21. h5 Rbe8 $2 (21... d5 22. h6+ Kxh6 23. Nxf6 Qf7 24. Qh3+ Kg7 25.
Re6 h6 26. Rbe1 $16) 22. cxd6 (22. h6+ $5 Kxh6 23. Rxb7 d5 (23... f5 24. Qh3+
Kg7 25. cxd6 $18) 24. Qf4+ g5 25. Qh2+ Kg6 26. Rxc7 $18) 22... cxd6 23. Qf4 $1
Rd8 (23... d5 24. h6+ Kh8 25. Nxf6 Rxe1+ 26. Rxe1 Qd8 27. Re6 $18) 24. hxg6
hxg6 25. Re3 $1 g5 (25... Ne7 26. Rh3 Nf5 27. g4 $18) 26. Rg3 $1 (26. Nxg5 fxg5
27. Qxg5+ Kh8 28. Rh3+ $140 Qxh3 $1 29. gxh3 Rg8 $17) 26... Kh8 27. Qf3 $1 Qe7
28. Qh5+ (28. Rh3+ Kg8 (28... Kg7 29. Ng3 $18) 29. Rxb7 $1 Qxb7 30. Nxf6+ Rxf6
31. Qxf6 Qg7 32. Qe6+ Qf7 33. Rh8+ $18) 28... Qh7 29. Rh3 Qxh5 30. Rxh5+ Kg7
31. Rxb7+ Rf7 (31... Kg6 32. g4 Rf7 33. Rh6+ Kxh6 34. Rxf7 $18) 32. Rh7+ 1-0